[Event "Titled Tuesday intern op 16th May Late"]
[Site "Chess.com INT"]
[Date "2023.05.16"]
[Round "6"]
[White "Guz, Ari"]
[Black "Maneluk, Nikita"]
[Result "1-0"]
[WhiteElo "2324"]
[BlackElo "2302"]
[PlyCount "97"]
[EventDate "2023.05.16"]
[EventType "swiss (blitz)"]
[EventRounds "11"]
[EventCountry "USA"]
[SourceTitle "CBM 214 Extra"]
[Source "ChessBase"]
[SourceDate "2023.07.31"]
[SourceVersion "1"]
[SourceVersionDate "2023.07.31"]
[SourceQuality "1"]

1. a3 Nf6 2. b4 a5 3. b5 e6 4. Bb2 Be7 5. Nf3 0-0 6. g4 d5 7. g5 Ne8 8. h4 c5 9. d3 Nd7 10. Nbd2 a4 11. e4 Qa5 12. exd5 exd5 13. c4 d4 14. Bg2 Nd6 15. 0-0 Nf5 16. Ne4 Re8 17. Re1 Qd8 18. Bc1 Nf8 19. h5 Ne6 20. g6 hxg6 21. hxg6 fxg6 22. Ne5 Nh4 23. Bh1 Rb8 24. Ng3 Bf6 25. Bd5 Kh7 26. Nxg6 Nxg6 27. Qh5+ Kg8 28. Qxg6 Kf8 29. Nh5 Qe7 30. Bh6 Qf7 31. Qxf7+ Kxf7 32. Nxf6 Kxf6 33. Bf4 Ra8 34. Be5+ Kg5 35. f4+ Kg6 36. Kf2 Bd7 37. Rg1+ Kh7 38. f5 Ng5 39. Bf4 Nh3+ 40. Kf3 Bxf5 41. Rh1 g5 42. Bxg5 Kg6 43. Bf4 Kh5 44. Rag1 Kh4 45. Bg5+ Kh5 46. Bd2 Rf8 47. Rg5+ Kh4 48. Rg3 Bxd3+ 49. Kg2 1-0

[Event "Titled Tuesday intern op 16th May Late"]
[Site "Chess.com INT"]
[Date "2023.05.16"]
[Round "4"]
[White "Ozates, Tuna"]
[Black "Maneluk, Nikita"]
[Result "0-1"]
[WhiteElo "2251"]
[BlackElo "2302"]
[PlyCount "78"]
[EventDate "2023.05.16"]
[EventType "swiss (blitz)"]
[EventRounds "11"]
[EventCountry "USA"]
[SourceTitle "CBM 214 Extra"]
[Source "ChessBase"]
[SourceDate "2023.07.31"]
[SourceVersion "1"]
[SourceVersionDate "2023.07.31"]
[SourceQuality "1"]

1. e4 c6 2. d4 d5 3. exd5 cxd5 4. c4 Nf6 5. Nc3 g6 6. cxd5 Bg7 7. Qb3 0-0 8. g3 Na6 9. Bg2 Qb6 10. Nge2 Qxb3 11. axb3 Nb4 12. 0-0 Rd8 13. d6 Rxd6 14. Bf4 Rd8 15. Rfd1 Nfd5 16. Nxd5 Nxd5 17. Be5 Be6 18. Bxg7 Kxg7 19. Nc3 a6 20. Ne4 b6 21. Rac1 Rac8 22. h3 h6 23. Bf1 Nb4 24. Rxc8 Bxc8 25. Nc3 Be6 26. d5 Bf5 27. Re1 Kf6 28. g4 Bc2 29. Bc4 b5 30. Bf1 Nxd5 31. Ra1 Nb4 32. Re1 e6 33. f4 Bxb3 34. Ne4+ Ke7 35. Nc5 Bc4 36. Bxc4 bxc4 37. Re4 Rd1+ 38. Kf2 Nd3+ 39. Kg3 Nxc5 0-1

[Event "Moscow op-E"]
[Site "Moscow"]
[Date "2011.01.30"]
[Round "2.167"]
[White "Stelmashchuk, Valery Y"]
[Black "Maneluk, Nikita"]
[Result "0-1"]
[WhiteElo "1897"]
[BlackElo "2203"]
[PlyCount "34"]
[EventDate "2011.01.29"]
[EventType "swiss"]
[EventRounds "9"]
[EventCountry "RUS"]
[SourceTitle "EXT 2022"]
[Source "ChessBase"]
[SourceDate "2021.10.06"]
[SourceVersion "1"]
[SourceVersionDate "2021.10.06"]
[SourceQuality "1"]

1. Nf3 Nf6 2. g3 b6 3. Bg2 Bb7 4. d3 e6 5. e4 d6 6. Bg5 Be7 7. 0-0 h6 8. Bd2 c5 9. Re1 Nbd7 10. Nc3 a6 11. a4 Qc7 12. d4 cxd4 13. Nxd4 0-0 14. h3 Rfd8 15. f4 Bf8 16. Qe2 e5 17. f5 exd4 0-1

[Event "Nizhnij Novgorod Voroniatov Memorial 7t"]
[Site "Nizhnij Novgorod"]
[Date "2010.05.08"]
[Round "7"]
[White "Gorozhanin, Mikhail"]
[Black "Maneluk, Nikita"]
[Result "0-1"]
[WhiteElo "1940"]
[BlackElo "2200"]
[PlyCount "50"]
[EventDate "2010.05.02"]
[EventType "swiss"]
[EventRounds "8"]
[EventCountry "RUS"]
[SourceTitle "CBM 136 Extra"]
[Source "ChessBase"]
[SourceDate "2010.07.02"]
[SourceVersion "2"]
[SourceVersionDate "2010.07.15"]
[SourceQuality "1"]

1. d4 e6 2. c4 b6 3. Nf3 Bb7 4. g3 Nf6 5. Bg2 c5 6. 0-0 cxd4 7. Qxd4 d6 8. Bg5 Nbd7 9. Nc3 h6 10. Bxf6 Nxf6 11. Rfd1 a6 12. Rac1 Rc8 13. b3 Qc7 14. Qe3 Be7 15. Na4 Nd7 16. Nc3 0-0 17. Qf4 Rfd8 18. e4 Ne5 19. h4 Bf6 20. Ne2 Qc5 21. Nfd4 Nc6 22. Nxc6 Rxc6 23. Rd2 Rdc8 24. Rcd1 Be5 25. Qf3 b5 0-1

[Event "Nizhnij Novgorod Voroniatov Memorial 7t"]
[Site "Nizhnij Novgorod"]
[Date "2010.05.07"]
[Round "6"]
[White "Teterin, Sergey"]
[Black "Maneluk, Nikita"]
[Result "0-1"]
[WhiteElo "2111"]
[BlackElo "2200"]
[PlyCount "36"]
[EventDate "2010.05.02"]
[EventType "swiss"]
[EventRounds "8"]
[EventCountry "RUS"]
[SourceTitle "CBM 136 Extra"]
[Source "ChessBase"]
[SourceDate "2010.07.02"]
[SourceVersion "2"]
[SourceVersionDate "2010.07.15"]
[SourceQuality "1"]

1. e4 e5 2. Nf3 Nf6 3. Nxe5 Nxe4 4. Qe2 Qe7 5. Qxe4 d6 6. d4 dxe5 7. dxe5 Nc6 8. f4 Bg4 9. Bd3 0-0-0 10. 0-0 Rd4 11. Qe1 Nb4 12. Qg3 Qd7 13. Bb5 c6 14. c3 Rd1 15. cxb4 cxb5 16. Be3 Rxf1+ 17. Kxf1 Qd3+ 18. Kf2 Qe2+ 0-1

[Event "Nizhnij Novgorod-ch"]
[Site "Nizhnij Novgorod"]
[Date "2010.03.??"]
[Round "?"]
[White "Marsak, Viktor D"]
[Black "Maneluk, Nikita"]
[Result "1/2-1/2"]
[WhiteElo "2018"]
[BlackElo "2186"]
[PlyCount "52"]
[EventDate "2010.03.13"]
[EventType "swiss"]
[EventRounds "9"]
[EventCountry "RUS"]
[SourceTitle "EXT 2022"]
[Source "ChessBase"]
[SourceDate "2021.10.06"]
[SourceVersion "1"]
[SourceVersionDate "2021.10.06"]
[SourceQuality "1"]

1. d4 Nf6 2. c4 e6 3. Nc3 Bb4 4. e3 b6 5. Nge2 Ne4 6. Qc2 Bb7 7. f3 Bxc3+ 8. bxc3 Nd6 9. Ng3 h5 10. Bd3 h4 11. Ne4 h3 12. g3 Nf5 13. 0-0 d6 14. Qe2 Nd7 15. Nf2 Qf6 16. e4 Nh6 17. Nxh3 e5 18. Be3 Qg6 19. Qg2 Qh5 20. Nf2 f5 21. d5 0-0-0 22. g4 fxg4 23. fxg4 Qh4 24. Be2 Kb8 25. Nh3 Qe7 26. Bg5 Nf6 1/2-1/2

[Event "Nizhnij Novgorod Dubinin Memorial 17th"]
[Site "Nizhnij Novgorod"]
[Date "2010.??.??"]
[Round "?"]
[White "Maneluk, Nikita"]
[Black "Stepanushkin, Alexander"]
[Result "1-0"]
[WhiteElo "2158"]
[BlackElo "2029"]
[PlyCount "89"]
[EventDate "2010.01.03"]
[EventType "swiss"]
[EventRounds "9"]
[EventCountry "RUS"]
[SourceTitle "CBM 134 Extra"]
[Source "ChessBase"]
[SourceDate "2010.03.03"]
[SourceVersion "1"]
[SourceVersionDate "2010.03.03"]
[SourceQuality "1"]

1. b3 Nc6 2. Bb2 Nf6 3. e3 e5 4. Bb5 Bd6 5. Na3 a6 6. Be2 b5 7. c4 b4 8. Nc2 e4 9. f4 Bb7 10. Nh3 Qe7 11. 0-0 h6 12. a3 bxa3 13. Nxa3 Bc5 14. Nc2 0-0-0 15. Ra4 Rhg8 16. Qa1 d5 17. cxd5 Nxd5 18. Rxa6 Ndb4 19. Nxb4 Nxb4 20. Ra8+ Bxa8 21. Qxa8+ Kd7 22. Bb5+ c6 23. Bxc6+ Nxc6 24. Qb7+ Kd6 25. Be5+ Nxe5 26. fxe5+ Kxe5 27. Qb5 Rd5 28. Qc4 Rc8 29. Qc3+ Kd6 30. b4 f6 31. Nf4 Rf5 32. bxc5+ Rcxc5 33. Qd4+ Kc6 34. Ra1 Ra5 35. Qc4+ Rfc5 36. Qf1 Qa7 37. Rxa5 Rxa5 38. Qc4+ Qc5 39. Qxe4+ Kb5 40. Qb7+ Ka4 41. Nd3 Qb5 42. Qe4+ Ka3 43. h3 Ra7 44. Qd4 Ka2 45. Qxa7+ 1-0

[Event "Nizhnij Novgorod-ch HL"]
[Site "Nizhnij Novgorod"]
[Date "2009.11.14"]
[Round "?"]
[White "Maneluk, Nikita"]
[Black "Kotov, Dmitry"]
[Result "1-0"]
[WhiteElo "2152"]
[BlackElo "2136"]
[PlyCount "89"]
[EventDate "2009.11.14"]
[EventType "swiss"]
[EventRounds "9"]
[EventCountry "RUS"]
[SourceTitle "EXT 2022"]
[Source "ChessBase"]
[SourceDate "2021.10.06"]
[SourceVersion "1"]
[SourceVersionDate "2021.10.06"]
[SourceQuality "1"]

1. e4 c6 2. Nc3 d5 3. d4 dxe4 4. Nxe4 Nd7 5. Ng5 Ngf6 6. Bd3 e6 7. N1f3 Bd6 8. Qe2 h6 9. Ne4 Nxe4 10. Qxe4 Nf6 11. Qh4 Ke7 12. Nd2 g5 13. Qh3 e5 14. Qe3 Nd5 15. Qf3 g4 16. Qe2 Nf4 17. Qf1 exd4 18. g3 Nxd3+ 19. Qxd3 Be6 20. 0-0 Qc7 21. Ne4 Rad8 22. Qxd4 Be5 23. Qc5+ Ke8 24. Bf4 Rd5 25. Nf6+ Bxf6 26. Qxd5 Bxd5 27. Bxc7 h5 28. Rfe1+ Kd7 29. Be5 Bxe5 30. Rxe5 h4 31. gxh4 Rxh4 32. Rae1 Kc7 33. Re7+ Kb6 34. b3 Rh6 35. c4 Be6 36. Re4 a5 37. Kg2 a4 38. bxa4 Rh5 39. R7xe6 fxe6 40. Rxg4 Kc5 41. h4 Kb4 42. Kg3 Kxa4 43. Rg5 Rh8 44. c5 Kb4 45. h5 1-0

[Event "RUS-chT Clubs U18"]
[Site "Rybinsk"]
[Date "2009.08.06"]
[Round "5"]
[White "Vdovin, Vadim"]
[Black "Maneluk, Nikita"]
[Result "0-1"]
[WhiteElo "1960"]
[BlackElo "2050"]
[PlyCount "72"]
[EventDate "2009.08.02"]
[EventType "team-swiss"]
[EventRounds "9"]
[EventCountry "RUS"]
[SourceTitle "CBM 131 Extra"]
[Source "ChessBase"]
[SourceDate "2009.09.03"]
[SourceVersion "2"]
[SourceVersionDate "2009.09.16"]
[SourceQuality "1"]

1. e4 e5 2. Nf3 Nf6 3. Nxe5 d6 4. Nf3 Nxe4 5. Nc3 Nf6 6. d4 Bg4 7. Be2 Be7 8. 0-0 0-0 9. d5 Re8 10. Nd4 Qc8 11. h3 Bxe2 12. Qxe2 c5 13. Nf3 Na6 14. a3 Qf5 15. Rd1 Nc7 16. Qd3 Qh5 17. b4 Nd7 18. Nb5 Nxb5 19. Qxb5 Ne5 20. Bf4 Nxf3+ 21. gxf3 Qxf3 22. Bg3 cxb4 23. Re1 bxa3 24. Qd7 Qc3 25. Kh2 h6 26. Qxb7 Bf6 27. Rg1 Be5 28. Bxe5 Qxe5+ 29. Kh1 Qe4+ 30. Rg2 Qxc2 31. Qa6 Rab8 32. Rag1 g6 33. Qxd6 Rb6 34. Qxa3 Rb3 35. Qxa7 Rxh3+ 36. Rh2 Rxh2+ 0-1

[Event "RUS-chT Clubs U18"]
[Site "Rybinsk"]
[Date "2009.08.04"]
[Round "3"]
[White "Yaksin, Oleg"]
[Black "Maneluk, Nikita"]
[Result "1/2-1/2"]
[WhiteElo "2385"]
[BlackElo "2050"]
[PlyCount "117"]
[EventDate "2009.08.02"]
[EventType "team-swiss"]
[EventRounds "9"]
[EventCountry "RUS"]
[SourceTitle "CBM 131 Extra"]
[Source "ChessBase"]
[SourceDate "2009.09.03"]
[SourceVersion "2"]
[SourceVersionDate "2009.09.16"]
[SourceQuality "1"]

1. d4 Nf6 2. c4 e6 3. Nf3 b6 4. a3 Bb7 5. Nc3 Ne4 6. Qc2 f5 7. g3 Bd6 8. Bg2 Nxc3 9. Qxc3 0-0 10. 0-0 Qe8 11. Bf4 Bxf4 12. gxf4 Qh5 13. h3 Rf6 14. Kh2 Nc6 15. Rg1 Rh6 16. d5 Ne7 17. Ne5 exd5 18. Qg3 Ng6 19. Bf3 Qh4 20. Nxg6 Qxg3+ 21. Rxg3 Rxg6 22. Rxg6 hxg6 23. Rd1 Re8 24. e3 Kf7 25. Bxd5+ Bxd5 26. Rxd5 d6 27. Kg3 Re4 28. Rd4 Re8 29. Rd2 Ke6 30. Kf3 Rh8 31. Kg3 Kd7 32. Rd1 Kc6 33. Rd5 a6 34. Rd4 Kc5 35. Kg2 a5 36. b3 Kc6 37. Kg3 Kd7 38. Rd3 Ke6 39. Kg2 Rb8 40. Kf3 Rh8 41. Kg3 c6 42. Rd4 Rh5 43. h4 Rh8 44. Rd1 Rc8 45. Rd3 Rd8 46. Rc3 Rc8 47. Rd3 b5 48. cxb5 cxb5 49. Kf3 d5 50. Kg3 Rc2 51. Kf3 Kd6 52. b4 a4 53. Kg3 Rb2 54. Kf3 Rb3 55. Ke2 Rb2+ 56. Rd2 Rb1 57. Rd1 Rb2+ 58. Rd2 Rb1 59. Rd1 1/2-1/2

[Event "RUS-chT Clubs U18"]
[Site "Rybinsk"]
[Date "2009.08.03"]
[Round "2"]
[White "Maneluk, Nikita"]
[Black "Dolbnia, Dmitry"]
[Result "1-0"]
[WhiteElo "2050"]
[BlackElo "2053"]
[PlyCount "91"]
[EventDate "2009.08.02"]
[EventType "team-swiss"]
[EventRounds "9"]
[EventCountry "RUS"]
[SourceTitle "CBM 131 Extra"]
[Source "ChessBase"]
[SourceDate "2009.09.03"]
[SourceVersion "2"]
[SourceVersionDate "2009.09.16"]
[SourceQuality "1"]

1. b3 d5 2. Bb2 Bf5 3. e3 e6 4. f4 c5 5. Nf3 Nc6 6. Bb5 Qb6 7. Bxc6+ bxc6 8. Nh4 Bg6 9. 0-0 Qd8 10. Nxg6 hxg6 11. Rf3 Nf6 12. d3 Bd6 13. h3 g5 14. Nd2 g4 15. Bxf6 Qxf6 16. hxg4 g5 17. Qf1 gxf4 18. Re1 0-0-0 19. exf4 Qh4 20. Rh3 Qxg4 21. Qf3 Qxf4 22. Qxf4 Bxf4 23. Rxh8 Rxh8 24. Nf3 Kd7 25. Ne5+ Bxe5 26. Rxe5 Ke7 27. Rg5 Kd6 28. Rg7 Rf8 29. Rg4 Re8 30. Rg7 Re7 31. Kf2 e5 32. g4 Ke6 33. Rg8 Rb7 34. Rc8 Rb6 35. Ra8 Ra6 36. a4 c4 37. dxc4 dxc4 38. Ke2 f6 39. Kd2 Kd5 40. Rg8 cxb3 41. cxb3 Rb6 42. Kc3 c5 43. Rg7 a6 44. Rg6 Ke6 45. Rg8 Rb4 46. g5 1-0

[Event "RUS-ch U16"]
[Site "Dagomys"]
[Date "2009.04.21"]
[Round "7"]
[White "Bublei, Pavel"]
[Black "Maneluk, Nikita"]
[Result "0-1"]
[WhiteElo "2207"]
[BlackElo "2050"]
[PlyCount "54"]
[EventDate "2009.04.15"]
[EventType "swiss"]
[EventRounds "9"]
[EventCountry "RUS"]
[SourceTitle "CBM 130 Extra"]
[Source "ChessBase"]
[SourceDate "2009.07.02"]
[SourceVersion "2"]
[SourceVersionDate "2009.07.15"]
[SourceQuality "1"]

1. Nf3 Nf6 2. g3 b5 3. Bg2 Bb7 4. 0-0 e6 5. d4 Be7 6. a4 b4 7. a5 0-0 8. Nbd2 c5 9. dxc5 Bxc5 10. Nb3 Be7 11. Be3 Ba6 12. Nc5 Bc4 13. Nd3 d5 14. Nfe5 Bb5 15. Qd2 Qc7 16. Bd4 Ne4 17. Bxe4 dxe4 18. Nxb4 f6 19. Ng4 Bxb4 20. Qxb4 Bxe2 21. Bc5 Rc8 22. Nxf6+ gxf6 23. Qxe4 Bxf1 24. Qxa8 Nc6 25. Bb6 Qd7 26. Rd1 Qxd1 27. Qxc8+ Kf7 0-1

[Event "RUS-ch U16"]
[Site "Dagomys"]
[Date "2009.04.19"]
[Round "5"]
[White "Toropov, Pavel"]
[Black "Maneluk, Nikita"]
[Result "0-1"]
[WhiteElo "2176"]
[BlackElo "2050"]
[PlyCount "102"]
[EventDate "2009.04.15"]
[EventType "swiss"]
[EventRounds "9"]
[EventCountry "RUS"]
[SourceTitle "CBM 130 Extra"]
[Source "ChessBase"]
[SourceDate "2009.07.02"]
[SourceVersion "2"]
[SourceVersionDate "2009.07.15"]
[SourceQuality "1"]

1. e4 e5 2. Nf3 Nf6 3. Nxe5 Nxe4 4. Qe2 Qe7 5. Qxe4 d6 6. Nc3 Qxe5 7. d4 Qxe4+ 8. Nxe4 d5 9. Ng3 Bd6 10. Bd3 Nc6 11. c3 Ne7 12. Nh5 0-0 13. Bf4 Bxf4 14. Nxf4 c6 15. Kd2 Re8 16. Rae1 g6 17. Re3 Bf5 18. Rhe1 Kf8 19. Bf1 Ng8 20. f3 h5 21. Re5 f6 22. Rxe8+ Rxe8 23. Rxe8+ Kxe8 24. g4 hxg4 25. fxg4 Bb1 26. Bd3 Bxd3 27. Nxd3 Nh6 28. h3 g5 29. Ke3 Ke7 30. b3 Nf7 31. Nf2 Nd6 32. Kd3 Ke6 33. c4 dxc4+ 34. bxc4 b5 35. c5 Nc8 36. Kc3 Ne7 37. Ne4 Nd5+ 38. Kb3 Nf4 39. a4 bxa4+ 40. Kxa4 Nxh3 41. Ka5 Kd5 42. Nxf6+ Kxd4 43. Kb4 Nf2 44. Nh7 Ne4 45. Nf8 Nxc5 46. Nh7 Ne4 47. Kb3 c5 48. Kc2 c4 49. Nf8 Kd5 50. Nd7 Kd6 51. Nb8 a5 0-1

[Event "Moscow op-B"]
[Site "Moscow"]
[Date "2009.02.03"]
[Round "4"]
[White "Gorulev, Alexander"]
[Black "Maneluk, Nikita"]
[Result "1/2-1/2"]
[WhiteElo "1400"]
[BlackElo "2162"]
[PlyCount "50"]
[EventDate "2009.01.31"]
[EventType "swiss"]
[EventRounds "9"]
[EventCountry "RUS"]
[SourceTitle "EXT 2012"]
[Source "ChessBase"]
[SourceDate "2011.11.24"]
[SourceVersion "1"]
[SourceVersionDate "2011.11.24"]
[SourceQuality "1"]

1. e4 e5 2. Nf3 Nf6 3. Nxe5 Nxe4 4. Qf3 Qe7 5. Qxe4 d6 6. d4 dxe5 7. dxe5 Nc6 8. Bb5 Bd7 9. 0-0 0-0-0 10. Re1 Nxe5 11. Bxd7+ Rxd7 12. Nc3 Nc6 13. Bf4 Qxe4 14. Rxe4 Bb4 15. Nd1 f5 16. Rc4 h6 17. h4 Be7 18. h5 Bf6 19. Ne3 Bxb2 20. Rb1 Bf6 21. Nxf5 Rd5 22. g4 Rhd8 23. Rb3 R8d7 24. Ra3 Ne7 25. Nxe7+ Bxe7 1/2-1/2

[Event "Moscow op-B"]
[Site "Moscow"]
[Date "2009.02.01"]
[Round "3"]
[White "Maneluk, Nikita"]
[Black "Klyuev, Alexander S"]
[Result "1/2-1/2"]
[WhiteElo "2162"]
[BlackElo "1755"]
[PlyCount "128"]
[EventDate "2009.01.31"]
[EventType "swiss"]
[EventRounds "9"]
[EventCountry "RUS"]
[SourceTitle "EXT 2012"]
[Source "ChessBase"]
[SourceDate "2011.11.24"]
[SourceVersion "1"]
[SourceVersionDate "2011.11.24"]
[SourceQuality "1"]

1. e4 c5 2. f4 Nc6 3. Nf3 g6 4. Nc3 Bg7 5. d3 d6 6. Be3 e6 7. Qd2 Nge7 8. Nd1 b6 9. g4 Bb7 10. Bg2 Qd7 11. c3 f5 12. gxf5 exf5 13. Nf2 0-0-0 14. 0-0-0 Kc7 15. d4 fxe4 16. Nxe4 Na5 17. Neg5 Nf5 18. Bf2 h6 19. Nh3 Rhe8 20. dxc5 bxc5 21. Nh4 Nc4 22. Qd3 Bxg2 23. Nxg2 Qa4 24. Rhe1 Qxa2 25. Qb1 Qa6 26. Nh4 Qb5 27. Nxf5 gxf5 28. Qa2 a6 29. Bh4 Rb8 30. Rxe8 Rxe8 31. Rg1 Bh8 32. Re1 Rxe1+ 33. Bxe1 d5 34. b3 Nb6 35. Nf2 Bf6 36. Qc2 Qe8 37. Bd2 Qe6 38. Nd3 Be7 39. Ne5 Nd7 40. Qd3 Nxe5 41. fxe5 Bg5 42. Qg3 f4 43. Qf2 Kc6 44. Qe2 Kb7 45. c4 dxc4 46. bxc4 Ka7 47. Qe4 f3 48. Qxf3 Bxd2+ 49. Kxd2 Qxe5 50. Qf7+ Kb6 51. Qg6+ Ka5 52. Qxh6 Qd4+ 53. Ke1 Qxc4 54. Qd2+ Ka4 55. Qd1+ Qb3 56. Qd6 a5 57. Qc6+ Ka3 58. h4 Qg3+ 59. Kd1 Qg4+ 60. Kc1 Qxh4 61. Qxc5+ Qb4 62. Qe3+ Ka4 63. Qe8+ Kb3 64. Qe3+ Kc4 1/2-1/2

[Event "PriFR-ch U16"]
[Site "Penza"]
[Date "2008.11.10"]
[Round "8"]
[White "Maneluk, Nikita"]
[Black "Volodin, Ivan"]
[Result "1-0"]
[WhiteElo "2071"]
[BlackElo "2143"]
[PlyCount "91"]
[EventDate "2008.11.03"]
[EventType "swiss"]
[EventRounds "9"]
[EventCountry "RUS"]
[SourceTitle "EXT 2022"]
[Source "ChessBase"]
[SourceDate "2021.10.06"]
[SourceVersion "1"]
[SourceVersionDate "2021.10.06"]
[SourceQuality "1"]

1. Nf3 c5 2. b3 d5 3. e3 Nc6 4. Bb5 f6 5. d4 Qa5+ 6. Nc3 Qxc3+ 7. Bd2 Qb2 8. a4 Bf5 9. Rc1 e6 10. 0-0 Nh6 11. Qe2 c4 12. bxc4 a6 13. cxd5 exd5 14. e4 Bxe4 15. c4 Be7 16. cxd5 Bxf3 17. gxf3 axb5 18. dxc6 0-0 19. cxb7 Rab8 20. Rb1 Qc2 21. Qxe7 Qxd2 22. Qe6+ Kh8 23. Rxb5 Nf7 24. a5 Ng5 25. Qe3 Qc2 26. Rfb1 h5 27. f4 Rfe8 28. Qb3 Qxb3 29. R5xb3 Ne6 30. a6 Nxd4 31. a7 Nxb3 32. Rxb3 Kg8 33. axb8Q Rxb8 34. f5 Kf7 35. Kg2 Ke7 36. Kg3 Kf7 37. Kh4 g6 38. fxg6+ Kxg6 39. Rb5 Kh6 40. Rxh5+ Kg6 41. Rb5 Kg7 42. Kg4 Kg6 43. Rb6 Kf7 44. Kf5 Kg7 45. h4 Kh6 46. Kxf6 1-0

[Event "PriFR-ch U16"]
[Site "Penza"]
[Date "2008.11.05"]
[Round "3"]
[White "Svetlov, Dmitry"]
[Black "Maneluk, Nikita"]
[Result "1-0"]
[WhiteElo "2327"]
[BlackElo "2071"]
[PlyCount "39"]
[EventDate "2008.11.03"]
[EventType "swiss"]
[EventRounds "9"]
[EventCountry "RUS"]
[SourceTitle "EXT 2022"]
[Source "ChessBase"]
[SourceDate "2021.10.06"]
[SourceVersion "1"]
[SourceVersionDate "2021.10.06"]
[SourceQuality "1"]

1. Nf3 Nf6 2. c4 e6 3. g3 c5 4. Bg2 Nc6 5. 0-0 Be7 6. d4 cxd4 7. Nxd4 0-0 8. Nc3 Qb6 9. Ndb5 Qc5 10. b3 Qh5 11. e4 a6 12. Bf3 Qh3 13. Bg2 Qh5 14. Bf3 Qh3 15. Nd6 Bxd6 16. Bg2 Qg4 17. Qxd6 b5 18. Ba3 Rd8 19. e5 Ne8 20. Qf8# 1-0